Регионална библиотека "Любен Каравелов" - Русе

Вечният човек (Запис номер 62354)

MARC детайли
000 -Лидер
Контролно поле с фиксирана дължина 01930nam a2200409 c 4500
003 - Код на организацията, давaща контролен номер
Контролно поле BLK
005 - Дата и час на последна редакция
Контролно поле 20180422102511.0
008 - Елементи от данни с фиксирана дължина
fixed length control field 180408b bul|||||r ||||||| ||bul||
010 ## - Наследен системен номер
LC control number KNG00066570000
020 ## - Международен стандартен номер на книга ISBN
Международен стандартен номер на книга ISBN 954-9700-40 -2
-- издат.: Омофор
040 ## - Източник на каталожния запис
Идентификатор на билиотеката - собственик на записа BLK
041 ## - Код за език
Код за езика на текст/звукозапис или на отделно заглавие Български
Код за езика КДБФ Български
080 ## - УДК
Текстов определител УДК Нехристиянски религии. Митология. Различни култове
УДК код - определител по УДК 29
УДК определител (091)
УДК - код + определител 29(091)
080 ## - УДК
Текстов определител УДК Християнска религия
УДК код - определител по УДК 23/28
УДК определител
УДК - код + определител 23/28
100 1# - Редна дума - Автор
Автор Честъртън, Джилбърт Кийт
Авторска отговорност първи автор
R(LIN) 290730
139 ## - Редно поле
Редна дума Честъртън, Джилбърт Кийт
Авторски знак Чест - Ч 74
245 10 - Сведения за заглавието
Заглавие Вечният човек
Редно поле (дума) Джилбърт Кийт Честъртън; * Гилбърт Кийт Честъртън; прев. от англ. Ваня Николова.
257 ## - Страна на издаване
Страна на създаване/издаване Великобритания
260 ## - Област на издателските данни
-- София
Име на издателя, разпространителя и проч. Омофор
Година на издаване 2005
300 ## - Физическа характеристика
Страници 376 с.
Размери/Мащаб 22 см
380 ## - Жанр
Жанр Религия. Теология
500 ## - Общи забележки
Забележка Без сведение за ориг. загл. - съдържа и Неочакваното здравомислие а Джилбърт Кийт Честъртън / Сергей Аверинцев ; Прев. от рус. Николай Фенерски ; За праисторическия човек ; За авторитета и прецизността
650 #4 - Допълнително описание по предмет – тема
Основно описание – тема или топоним Човек - религиозно-философски проблеми
9 (RLIN) 290731
650 #4 - Допълнително описание по предмет – тема
Основно описание – тема или топоним Религии - история
9 (RLIN) 245761
650 #4 - Допълнително описание по предмет – тема
Основно описание – тема или топоним Митология
9 (RLIN) 162418
650 #4 - Допълнително описание по предмет – тема
Основно описание – тема или топоним Християнство
9 (RLIN) 176914
653 ## - Ключова дума – ненормативна
Ключова дума човек
653 ## - Ключова дума – ненормативна
Ключова дума религия
653 ## - Ключова дума – ненормативна
Ключова дума митология
700 1# - Други автори (авторска отговорност)
Лично име Честъртън, Гилбърт Кийт
Автороска отговорност (Описва отношението между автора и произведението) *
9 (RLIN) 370130
700 1# - Други автори (авторска отговорност)
Лично име Николова, Ваня
Автороска отговорност (Описва отношението между автора и произведението) прев. от англ.
9 (RLIN) 370131
852 ## - Местоположение
Форматна сигнатура Цб 228199
856 4# - Електронен адрес и достъп
Електронен формат pdf - файл
Път до файла /url/
856 4# - Електронен адрес и достъп
Електронен формат pdf - файл
Път до файла /url/
942 ## - АРТИКУЛИ
Вид на библиотечния материал Книги
Скрит в OPAC Не
944 ## - СЪЗДАВАНЕ И РЕДАКЦИЯ на ЗАПИСА
Създаване/Редакция Създаване
Дата на регистрацията/редакция 21.06.2006
Служител, извършил регистрацията/редакцията Цветанка_Енчева
944 ## - СЪЗДАВАНЕ И РЕДАКЦИЯ на ЗАПИСА
Създаване/Редакция Редакция
Дата на регистрацията/редакция 27.06.2006
Служител, извършил регистрацията/редакцията
999 ## - СИСТЕМНИ КОНТРОЛНИ НОМЕРА
Koha biblionumber 62354
Koha biblioitemnumber 62354
Наличности
Код за отписване Код за изгубен артикул Код за повреда Коз за рестрикции Код за отдаване Артикулен № Име на библиотеката - собственик Име на библиотеката, в която се намира в момента Статус (Текущо местоположение) Дата на вписване в системата Местоположение - отдел Цена в лева Инвентарен номер Систематично азбучна сигнатура Баркод Номер на екземпляра Цена в евро Служебна бележка Служебен тип на артикула
  Не е изгубен Не е повреден без рестрикции ползва се в читалня 103606 Регионална библиотека "Любен Каравелов" Русе Регионална библиотека "Любен Каравелов" Русе Хранилище 2006-06-21 Хранилище 0.00 120000703254 Цб 228199 120000703254 1 0.00 Дост: Dp Вид: Д N: 25 Дата: 08.06.2005 Книги
Vip Innovations Ltd, Rousse, Bulgaria 2025